| 000 | 00697cam a22002413a 4500 | ||
|---|---|---|---|
| 001 | 3429 | ||
| 003 | PGUSA | ||
| 005 | 20140828083032.0 | ||
| 008 | 020901s2002||||xxu|||||s|||||000 1 eng d | ||
| 040 |
_aPGUSA _beng |
||
| 042 | _adc | ||
| 050 | 4 | _aPR | |
| 050 | 4 | _aPZ | |
| 100 | 1 |
_aHenty, G. A. _q(George Alfred), _d1832-1902 |
|
| 245 | 1 | 0 |
_aSt. George for England _h[electronic resource] / _cG. A. Henty |
| 260 |
_bProject Gutenberg, _c2002 |
||
| 506 | _aPublic domain in the USA. | ||
| 516 | _aElectronic text | ||
| 653 | _aGreat Britain -- History -- Edward III, 1327-1377 -- Fiction | ||
| 830 | 0 |
_aProject Gutenberg _v3429 |
|
| 856 | 4 | 0 | _uhttp://www.gutenberg.org/ebooks/3429 |
| 942 | _cEB | ||
| 999 |
_c232758 _d232758 |
||